Insight into bullying fron developmental contextual perspective in schools of East Delhi/ (Record no. 1848270)
[ view plain ]
| 000 -LEADER | |
|---|---|
| fixed length control field | 00827nam a22002417a 4500 |
| 003 - CONTROL NUMBER IDENTIFIER | |
| control field | OSt |
| 005 - DATE AND TIME OF LATEST TRANSACTION | |
| control field | 20260416122813.0 |
| 008 - FIXED-LENGTH DATA ELEMENTS--GENERAL INFORMATION | |
| fixed length control field | 260416b |||||||| |||| 00| 0 eng d |
| 037 ## - SOURCE OF ACQUISITION | |
| Terms of availability | Thesis |
| 040 ## - CATALOGING SOURCE | |
| Original cataloging agency | FEDL |
| Language of cataloging | eng |
| Transcribing agency | FEDL |
| 041 ## - LANGUAGE CODE | |
| Language code of text/sound track or separate title | eng |
| Language code of original | eng |
| 082 ## - DEWEY DECIMAL CLASSIFICATION NUMBER | |
| Classification number | 370.152 8 SHA/TH |
| 100 ## - MAIN ENTRY--PERSONAL NAME | |
| Personal name | Sharma, Swati |
| 9 (RLIN) | 1234899 |
| 110 ## - MAIN ENTRY--CORPORATE NAME | |
| Corporate name or jurisdiction name as entry element | University of Delhi. Department of Education |
| 245 ## - TITLE STATEMENT | |
| Title | Insight into bullying fron developmental contextual perspective in schools of East Delhi/ |
| Statement of responsibility, etc. | by Swati Sharma; Supervised by Renu Malavika. |
| 260 ## - PUBLICATION, DISTRIBUTION, ETC. | |
| Place of publication, distribution, etc. | University of Delhi |
| Date of publication, distribution, etc. | 2025 |
| 300 ## - PHYSICAL DESCRIPTION | |
| Extent | 328p. |
| 650 ## - SUBJECT ADDED ENTRY--TOPICAL TERM | |
| Topical term or geographic name entry element | EDUCATIONAL PSYCHOLOGY |
| 650 ## - SUBJECT ADDED ENTRY--TOPICAL TERM | |
| Topical term or geographic name entry element | BULLYING- SCHOOLS |
| 9 (RLIN) | 1234900 |
| 700 ## - ADDED ENTRY--PERSONAL NAME | |
| Personal name | Malavika, Renu. Supervisor. |
| 9 (RLIN) | 1234901 |
| 942 ## - ADDED ENTRY ELEMENTS (KOHA) | |
| Source of classification or shelving scheme | Dewey Decimal Classification |
| Koha item type | Thesis |
| Classification part | 370.152 8 SHA/TH |
| Suppress in OPAC | No |
| Withdrawn status | Lost status | Source of classification or shelving scheme | Damaged status | Not for loan | Collection | Home library | Current library | Date acquired | Total Checkouts | Full call number | Barcode | Date last seen | Price effective from | Koha item type |
|---|---|---|---|---|---|---|---|---|---|---|---|---|---|---|
| Dewey Decimal Classification | Reference | Department of Education Library | Department of Education Library | 2026-04-16 | 370.152 8 SHA/TH | EL0095221 | 2026-04-16 | 2026-04-16 | Thesis |
